| 000 | 00945cam a22002533a 4500 | ||
|---|---|---|---|
| 001 | 22401 | ||
| 003 | PGUSA | ||
| 005 | 20140828083457.0 | ||
| 008 | 070825s2007||||xxu|||||s|||||000 1 eng d | ||
| 040 |
_aPGUSA _beng |
||
| 042 | _adc | ||
| 050 | 4 | _aPS | |
| 100 | 1 |
_aBunner, H. C. _q(Henry Cuyler), _d1855-1896 |
|
| 245 | 1 | 0 |
_aStories by American Authors (Volume 4) _h[electronic resource] / _cH. C. Bunner |
| 260 |
_bProject Gutenberg, _c2007 |
||
| 505 | 0 | _aMiss Grief, by Woolson -- Love in Old Cloathes, by Bunner -- Two Buckets in a Well, by Willis -- Friend Barton's Concern, by Foote -- An Inspired Lobbyist, by de Forest -- Lost in The Fog, by Brooks. | |
| 506 | _aPublic domain in the USA. | ||
| 516 | _aElectronic text | ||
| 653 | _aShort stories, American | ||
| 653 | _aUnited States -- Social life and customs -- Fiction | ||
| 830 | 0 |
_aProject Gutenberg _v22401 |
|
| 856 | 4 | 0 | _uhttp://www.gutenberg.org/ebooks/22401 |
| 942 | _cEB | ||
| 999 |
_c251656 _d251656 |
||